New World Water 2002 : Advancing Technology to Secure Supply and Safeguard the Environment /

Gardado en:
Detalles Bibliográficos
Formato: Libro
Idioma:inglés
Publicado: Londres, Inglaterra : World Water Council, 2002, c2002
Temas:
Etiquetas: Engadir etiqueta
Sen Etiquetas, Sexa o primeiro en etiquetar este rexistro!

MARC

LEADER 00000nam^a2200000^a^4500
001 000354303
005 20250619000000.0
009 20260310115131.554
020 |a 1-85938-368-8 
037 |a Acervo ITESO - Biblioteca 
041 |a ING 
082 |a 628. 1  |b NEW 
245 1 0 |a New World Water 2002 :  |b Advancing Technology to Secure Supply and Safeguard the Environment /  |c Pref. de Mahmoud Abu-Zeid. 
264 4 |a Londres, Inglaterra :  |b World Water Council,  |c 2002, c2002 
300 |a 124 p. 
336 |a texto  |b txt  |2 rdacontenido 
337 |a sin mediación  |b n  |2 rdamedio 
338 |a volumen  |b nc  |2 rdasoporte 
649 |a XX 
650 |a Aguas Residuales -  |x Tratamiento y Reciclaje 
650 |a Agua -  |x Tratamiento y Reciclaje -  |x Tema Principal 
650 |a Agua -  |x Abastecimiento -  |x Tema Principal 
650 |a Instalaciones Hidráulicas 
650 |a Recursos Naturales 
650 |a Conservación y Protección Ambiental 
650 |a Ingeniería Sanitaria 
650 |a Ingeniería Ambiental 
650 |a Ingeniería Hidráulica 
910 |a Fondo General 
920 |a Impresos - Libros 
930 |a Colección General 
905 |a 101 
901 |a 0500246967  |b IT1  |c ACC  |d DT  |i D64808  |u 20250619 
902 |a https://opac.biblio.iteso.mx/vufind/Record/000354303